Statistics for Pi Digits #06 501-600

Click here to take the quiz!

General Stats

  • This quiz has been taken 211 times
  • The average score is 17 of 20

Answer Stats

Digits% Correct
98336
97%
44065
94%
73362
94%
39494
92%
63952
92%
66430
92%
86021
92%
19070
89%
21798
89%
24737
89%
60943
86%
17176
83%
29317
83%
67523
83%
70277
83%
05392
81%
05132
72%
76694
72%
81846
72%
84674
72%

Score Distribution

Percentile by Number Answered

Percent of People with Each Score

Your Score History

You have not taken this quiz